<?xml version="1.0" encoding="UTF-8"?><?xml-stylesheet type="text/xsl" href="static/style.xsl"?><OAI-PMH xmlns="http://www.openarchives.org/OAI/2.0/" xmlns:xsi="http://www.w3.org/2001/XMLSchema-instance" xsi:schemaLocation="http://www.openarchives.org/OAI/2.0/ http://www.openarchives.org/OAI/2.0/OAI-PMH.xsd"><responseDate>2026-06-01T13:43:34Z</responseDate><request verb="GetRecord" identifier="oai:riuma.uma.es:10630/39032" metadataPrefix="marc">https://riuma.uma.es/rest/oai/request</request><GetRecord><record><header><identifier>oai:riuma.uma.es:10630/39032</identifier><datestamp>2026-02-03T10:50:39Z</datestamp><setSpec>com_10630_2254</setSpec><setSpec>col_10630_37953</setSpec></header><metadata><record xmlns="http://www.loc.gov/MARC21/slim" xmlns:dcterms="http://purl.org/dc/terms/" xmlns:doc="http://www.lyncode.com/xoai" xmlns:xsi="http://www.w3.org/2001/XMLSchema-instance" xsi:schemaLocation="http://www.loc.gov/MARC21/slim http://www.loc.gov/standards/marcxml/schema/MARC21slim.xsd">
   <leader>00925njm 22002777a 4500</leader>
   <datafield ind2=" " ind1=" " tag="042">
      <subfield code="a">dc</subfield>
   </datafield>
   <datafield ind2=" " ind1=" " tag="720">
      <subfield code="a">Domínguez González, José Antonio</subfield>
      <subfield code="e">author</subfield>
   </datafield>
   <datafield ind2=" " ind1=" " tag="720">
      <subfield code="a">Sánchez-García, Carolina</subfield>
      <subfield code="e">author</subfield>
   </datafield>
   <datafield ind2=" " ind1=" " tag="720">
      <subfield code="a">Morales-Sánchez, Verónica Odilia</subfield>
      <subfield code="e">author</subfield>
   </datafield>
   <datafield ind2=" " ind1=" " tag="720">
      <subfield code="a">Hernández-Mendo, Antonio</subfield>
      <subfield code="e">author</subfield>
   </datafield>
   <datafield ind2=" " ind1=" " tag="720">
      <subfield code="a">Reigal-Garrido, Rafael Enrique</subfield>
      <subfield code="e">author</subfield>
   </datafield>
   <datafield ind2=" " ind1=" " tag="260">
      <subfield code="c">2024-08-12</subfield>
   </datafield>
   <datafield ind2=" " ind1=" " tag="520">
      <subfield code="a">The relationship between motivational climate and psychological sporting abilities could be influenced by levels of competitive anxiety and self-confidence. The purpose of this research was to explore the relationships between empowering and disempowering motivational climates with negative coping control and attentional control, analyzing whether there was an effect of self-confidence and competitive anxiety on these relationships. A total of 328 male adolescents, aged between 14 and 18 years (M = 15.85; SD = 1.44), participated in this research. To collect the information, the Empowering and Disempowering Motivational Climate Questionnaire (EDMCQ-C), the Inventario Psicológico de Ejecución Deportiva (IPED), and the Revised Competitive State Anxiety Inventory-2 (CSAI-2R) were used. The structural equation model revealed positive and statistically significant associations between empowering motivational climate and self-confidence, between disempowering climate and competitive anxiety, as well as between self-confidence and psychological sporting abilities (negative coping control and attentional control). On the other hand, the analyses highlighted negative relationships between competitive anxiety and negative coping control, as well as attentional control. Furthermore, the model revealed indirect associations between empowering climate and negative coping control, and attentional control through self-confidence, as well as between disempowering climate and negative coping control, and attentional control through competitive anxiety. This information could be valuable for professionals in the field of sports, including coaches, psychologists, athletes, managers, or even individuals close to the athletes such as family members or mentors.</subfield>
   </datafield>
   <datafield ind1="8" ind2=" " tag="024">
      <subfield code="a">Domínguez González, J. A., Sánchez García, C., Morales Sánchez, V., Hernández Mendo, A., &amp; Reigal Garrido, R. E. (2024). Empowering and disempowering climate generated by coaches is associated with negative coping control and attentional control in football players: The mediating role of self-confidence and competitive anxiety. International Journal of Sports Science &amp; Coaching, 19(6), 2249-2260.</subfield>
   </datafield>
   <datafield ind1="8" ind2=" " tag="024">
      <subfield code="a">https://hdl.handle.net/10630/39032</subfield>
   </datafield>
   <datafield ind1="8" ind2=" " tag="024">
      <subfield code="a">10.1177/17479541241269315</subfield>
   </datafield>
   <datafield tag="653" ind2=" " ind1=" ">
      <subfield code="a">Deportes - Aspectos psicológicos</subfield>
   </datafield>
   <datafield tag="653" ind2=" " ind1=" ">
      <subfield code="a">Motivación (Psicología)</subfield>
   </datafield>
   <datafield tag="653" ind2=" " ind1=" ">
      <subfield code="a">Fútbol - Aspectos psicológicos</subfield>
   </datafield>
   <datafield ind2="0" ind1="0" tag="245">
      <subfield code="a">Empowering and disempowering climate generated by coaches is associated with negative coping control and attentional control in football players: The mediating role of self-confidence and competitive anxiety.</subfield>
   </datafield>
</record>
</metadata></record></GetRecord></OAI-PMH>